000 00657nam a22002417a 4500
003 UA-OsUOA
001 46696
007 ta
008 20120508b un ||||| |||| 00| 0 ukr d
100 _aАртим І.
090 _a09.-82-1
_bА86
942 _cBK
040 _aUA-OsUOA
_bukr
_cUA-OsUOA
_dUA-OsUOA
245 _aЯк щастя зближається
_bпоезії
300 _a75 с.
955 _a3
041 _aukr
080 _a09.-82-1
260 _c1946
650 7 _a0 Загальний відділ.
_2UDC
999 _c426798
_d426798